[Event "Mexican op 66th"]
[Site "Villahermosa"]
[Date "2021.08.05"]
[Round "2"]
[White "Ayala Pena, Eduardo Azael"]
[Black "Hevia Alejano, Carlos Antonio"]
[Result "1/2-1/2"]
[WhiteElo "2165"]
[BlackElo "2464"]
[PlyCount "106"]
[EventDate "2021.08.04"]
[EventType "swiss"]
[EventRounds "8"]
[EventCountry "MEX"]
[SourceTitle "CBM 203 Extra"]
[Source "ChessBase"]
[SourceDate "2021.09.30"]
[SourceVersion "1"]
[SourceVersionDate "2021.09.30"]
[SourceQuality "1"]

1. d4 c5 2. d5 e6 3. c4 Nf6 4. Nc3 exd5 5. cxd5 d6 6. Nf3 g6 7. Nd2 Bg7 8. e4 0-0 9. Be2 Re8 10. 0-0 Na6 11. f3 Rb8 12. a4 Nb4 13. Nc4 a6 14. a5 Nh5 15. g4 Bd4+ 16. Kg2 Nf6 17. Bf4 Re5 18. Nxe5 dxe5 19. Bg5 Qd6 20. Qd2 Bd7 21. Bc4 h5 22. h3 Nh7 23. Bh4 Kg7 24. Ne2 g5 25. Bg3 b5 26. axb6 h4 27. Nxd4 cxd4 28. Bf2 Rxb6 29. Rfc1 Kh6 30. Bxh4 Qe7 31. Bg3 Kg7 32. Be2 Nf8 33. Ra5 Ng6 34. Rac5 Nf4+ 35. Bxf4 gxf4 36. Rc7 d3 37. Bf1 Nc2 38. R1xc2 dxc2 39. Rxc2 Ba4 40. Rc4 Be8 41. Qf2 Rb3 42. Rc2 a5 43. Rd2 Qb4 44. Kh2 Rxf3 45. Qxf3 Qxd2+ 46. Qe2 Qd4 47. Bg2 a4 48. Bf3 Qb4 49. Kg2 Bb5 50. Qc2 Qe1 51. Qf2 Qc1 52. Kh2 Kf8 53. Bg2 Be8 1/2-1/2

[Event "FIDE World Cup Mexico Qual"]
[Site "Mexico City"]
[Date "2021.05.29"]
[Round "6"]
[White "Ayala Pena, Eduardo Azael"]
[Black "Benitez Lozano, Javier"]
[Result "1/2-1/2"]
[WhiteElo "2099"]
[BlackElo "2367"]
[PlyCount "96"]
[EventDate "2021.05.26"]
[EventType "swiss"]
[EventRounds "9"]
[EventCountry "MEX"]
[SourceTitle "CBM 202 Extra"]
[Source "ChessBase"]
[SourceDate "2021.07.31"]
[SourceVersion "1"]
[SourceVersionDate "2021.07.31"]
[SourceQuality "1"]

1. d4 Nf6 2. Nf3 e6 3. Bg5 c5 4. e3 cxd4 5. exd4 Be7 6. Bd3 b6 7. Qe2 Bb7 8. c3 d6 9. Nbd2 Nbd7 10. 0-0 0-0 11. Rfe1 Re8 12. a4 a6 13. Rad1 Qc8 14. Ne4 Nxe4 15. Bxe4 Bxe4 16. Qxe4 d5 17. Qg4 Bxg5 18. Qxg5 Qc6 19. Ne5 Nxe5 20. dxe5 h6 21. Qh4 Rec8 22. Rd4 Qe8 23. Rg4 Kh8 24. Re3 Rc4 25. Rxc4 dxc4 26. Qxc4 b5 27. axb5 axb5 28. Qf1 Ra2 29. b4 Qc6 30. h3 Ra7 31. Kh2 Rd7 32. Qe2 Rd5 33. Qg4 Qc7 34. f4 g6 35. Rg3 Kh7 36. Qe2 Qd7 37. Qe4 Rd1 38. Re3 Rd2 39. Re2 Rd5 40. Qe3 Kg7 41. Qg3 Rd1 42. Re1 Rd5 43. Qh4 Qc7 44. Qf6+ Kh7 45. Re3 Qa7 46. f5 exf5 47. e6 Qc7+ 48. Rg3 Rd6 1/2-1/2

[Event "World University-ch 13th"]
[Site "Katowice"]
[Date "2014.08.22"]
[Round "7"]
[White "Barbosa, Evandro Amorim"]
[Black "Ayala Pena, Eduardo Azael"]
[Result "1-0"]
[WhiteElo "2446"]
[BlackElo "2190"]
[PlyCount "55"]
[EventDate "2014.08.18"]
[EventType "swiss"]
[EventRounds "9"]
[EventCountry "POL"]
[SourceTitle "CBM 161 Extra"]
[Source "ChessBase"]
[SourceDate "2014.08.29"]
[SourceVersion "1"]
[SourceVersionDate "2014.08.29"]
[SourceQuality "1"]

1. e4 e5 2. Nf3 Nc6 3. Nc3 Nf6 4. Bb5 Bc5 5. Nxe5 Bxf2+ 6. Kxf2 Nxe5 7. d4 Neg4+ 8. Kg1 c6 9. Be2 d6 10. h3 Nh6 11. Bxh6 gxh6 12. Qd2 Qe7 13. Qf4 d5 14. exd5 Nxd5 15. Nxd5 cxd5 16. Kh2 Be6 17. Bb5+ Kd8 18. Rhe1 a6 19. Bd3 Kd7 20. Re5 Rae8 21. c4 Qd6 22. cxd5 Bxd5 23. Rc1 Rxe5 24. dxe5 Qb6 25. Bf5+ Be6 26. Bg4 Rf8 27. Qxh6 Re8 28. Qf6 1-0

[Event "World University-ch 13th"]
[Site "Katowice"]
[Date "2014.08.20"]
[Round "4"]
[White "Ayala Pena, Eduardo Azael"]
[Black "Mafanya, Kulasande"]
[Result "1/2-1/2"]
[WhiteElo "2190"]
[BlackElo "1847"]
[PlyCount "63"]
[EventDate "2014.08.18"]
[EventType "swiss"]
[EventRounds "9"]
[EventCountry "POL"]
[SourceTitle "CBM 161 Extra"]
[Source "ChessBase"]
[SourceDate "2014.08.29"]
[SourceVersion "1"]
[SourceVersionDate "2014.08.29"]
[SourceQuality "1"]

1. d4 Nf6 2. Bg5 c5 3. d5 Qb6 4. Nc3 d6 5. e4 Nbd7 6. Rb1 a6 7. Nf3 g6 8. Bd3 Bg7 9. 0-0 0-0 10. Qd2 Re8 11. Rfe1 Ng4 12. h3 Nge5 13. Nxe5 Nxe5 14. Be3 Bxh3 15. f4 Nxd3 16. cxd3 Bd7 17. b4 Bd4 18. Ne2 Bxe3+ 19. Qxe3 Rac8 20. f5 Qc7 21. Rbc1 b6 22. Rf1 Kg7 23. fxg6 hxg6 24. Rxf7+ Kxf7 25. Qh6 Rh8 26. Rf1+ Bf5 27. Qe3 Rcg8 28. exf5 gxf5 29. Ng3 Ke8 30. Nxf5 Rh5 31. Qe6 Rhg5 32. Nxd6+ 1/2-1/2

[Event "World University-ch 13th"]
[Site "Katowice"]
[Date "2014.08.19"]
[Round "2"]
[White "Ayala Pena, Eduardo Azael"]
[Black "Frijde, Joel"]
[Result "1-0"]
[WhiteElo "2190"]
[BlackElo "1696"]
[PlyCount "97"]
[EventDate "2014.08.18"]
[EventType "swiss"]
[EventRounds "9"]
[EventCountry "POL"]
[SourceTitle "CBM 161 Extra"]
[Source "ChessBase"]
[SourceDate "2014.08.29"]
[SourceVersion "1"]
[SourceVersionDate "2014.08.29"]
[SourceQuality "1"]

1. d4 c5 2. d5 d6 3. Nc3 Nf6 4. e4 g6 5. Nf3 a6 6. a4 Bg7 7. Be2 Bg4 8. Nd2 Bxe2 9. Qxe2 Nbd7 10. 0-0 0-0 11. Nc4 Qc7 12. f4 Nb6 13. Ne3 Rad8 14. a5 Nc8 15. Nc4 e6 16. Bd2 Rfe8 17. Qf3 Na7 18. Rad1 Nb5 19. Nxb5 axb5 20. Na3 b4 21. Nc4 exd5 22. exd5 Ne4 23. f5 Nxd2 24. Rxd2 gxf5 25. Qxf5 Qd7 26. Qf4 Qe7 27. b3 Rf8 28. Rd3 f5 29. Re3 Qf6 30. Re6 Qd4+ 31. Qxd4 Bxd4+ 32. Kh1 Be5 33. g3 f4 34. Kg2 f3+ 35. Rxf3 Rxf3 36. Kxf3 Rf8+ 37. Ke2 Bd4 38. Ne3 Ra8 39. Rxd6 Rxa5 40. Nf5 Bc3 41. Rb6 Ra2 42. Kd3 Ra1 43. Rxb7 Rd1+ 44. Kc4 Rd2 45. d6 Rxc2 46. d7 Bf6+ 47. Kd5 h5 48. Ke6 Bg5 49. Nh6+ 1-0

[Event "World University-ch 13th"]
[Site "Katowice"]
[Date "2014.08.18"]
[Round "1"]
[White "Olszewski, Michal"]
[Black "Ayala Pena, Eduardo Azael"]
[Result "1-0"]
[WhiteElo "2555"]
[BlackElo "2190"]
[PlyCount "65"]
[EventDate "2014.08.18"]
[EventType "swiss"]
[EventRounds "9"]
[EventCountry "POL"]
[SourceTitle "CBM 161 Extra"]
[Source "ChessBase"]
[SourceDate "2014.08.29"]
[SourceVersion "1"]
[SourceVersionDate "2014.08.29"]
[SourceQuality "1"]

1. Nf3 Nf6 2. c4 c5 3. Nc3 Nc6 4. d4 cxd4 5. Nxd4 e6 6. a3 Be7 7. e4 d6 8. Be2 a6 9. 0-0 Qc7 10. Be3 0-0 11. Rc1 Ne5 12. b4 b6 13. f4 Ned7 14. Qa4 Bb7 15. f5 Nxe4 16. Nxe4 Bxe4 17. fxe6 Ne5 18. exf7+ Rxf7 19. Rxf7 Nxf7 20. Qb3 Bf6 21. c5 dxc5 22. bxc5 bxc5 23. Ne6 Qb7 24. Qxb7 Bxb7 25. Nxc5 Bc8 26. Bc4 Kf8 27. Bd5 Rb8 28. Ne4 Bd7 29. Bc5+ Ke8 30. Re1 Ne5 31. Bd6 Rb6 32. Bxe5 Bxe5 33. Nd2 1-0

[Event "MEX-ch U26"]
[Site "Puebla"]
[Date "2014.04.29"]
[Round "4.4"]
[White "Ayala Pena, Eduardo Azael"]
[Black "Vazquez Adame, Jorge Jonathan"]
[Result "1-0"]
[WhiteElo "2179"]
[BlackElo "1909"]
[PlyCount "62"]
[EventDate "2014.04.28"]
[EventType "swiss"]
[EventRounds "6"]
[EventCountry "MEX"]
[SourceTitle "CBM 160 Extra"]
[Source "ChessBase"]
[SourceDate "2014.07.01"]
[SourceVersion "1"]
[SourceVersionDate "2014.07.01"]
[SourceQuality "1"]

1. d4 Nf6 2. c4 d5 3. cxd5 Nxd5 4. e4 Nb6 5. Nc3 g6 6. Be3 Bg7 7. Qd2 0-0 8. 0-0-0 Nc6 9. h4 e5 10. d5 Nd4 11. h5 f5 12. hxg6 hxg6 13. f4 c5 14. dxc6 Nxc6 15. Bxb6 Qxb6 16. Bc4+ Rf7 17. Qd5 Qc7 18. Nb5 Qe7 19. Nf3 Bf6 20. Nd6 Nd8 21. Nxf7 Be6 22. Qd6 Bxc4 23. Qxe7 Bxe7 24. Nxd8 Bxd8 25. Nxe5 Bxa2 26. exf5 Ba5 27. Rd7 Rc8+ 28. Kd1 Bb3+ 29. Ke2 Rc2+ 30. Kf3 Bb6 31. f6 Be6 1-0

[Event "MEX-ch U26"]
[Site "Puebla"]
[Date "2014.04.28"]
[Round "3.1"]
[White "Ibarra Chami, Luis Fernando"]
[Black "Ayala Pena, Eduardo Azael"]
[Result "1-0"]
[WhiteElo "2457"]
[BlackElo "2179"]
[PlyCount "85"]
[EventDate "2014.04.28"]
[EventType "swiss"]
[EventRounds "6"]
[EventCountry "MEX"]
[SourceTitle "CBM 160 Extra"]
[Source "ChessBase"]
[SourceDate "2014.07.01"]
[SourceVersion "1"]
[SourceVersionDate "2014.07.01"]
[SourceQuality "1"]

1. Nf3 d5 2. b3 Bg4 3. Ne5 h5 4. Bb2 Nd7 5. h3 Nxe5 6. Bxe5 Bf5 7. e3 e6 8. Be2 Bg6 9. 0-0 f6 10. Bb2 Bd6 11. c4 Ne7 12. b4 c6 13. b5 Kf7 14. a4 a6 15. bxc6 bxc6 16. a5 Bc7 17. Ba3 Bd6 18. Bxd6 Qxd6 19. d4 c5 20. Nd2 h4 21. cxd5 Nxd5 22. Nc4 Qe7 23. Bf3 Rad8 24. Nb6 Nc7 25. Rc1 cxd4 26. exd4 Nb5 27. d5 Bf5 28. Re1 e5 29. Be2 Nd4 30. Bxa6 Qa7 31. f4 Qxa6 32. fxe5 fxe5 33. Rxe5 Qd3 34. Rxf5+ Qxf5 35. Qxd4 Kg8 36. a6 Qg5 37. Rf1 Qe7 38. Nc4 Rh6 39. d6 Qg5 40. a7 Rg6 41. Qe4 Qc5+ 42. Kh1 Kh7 43. Qxh4+ 1-0